| 000 | 01489nam a2200349 c 4500 | ||
|---|---|---|---|
| 003 | BLK | ||
| 005 | 20240824125942.0 | ||
| 008 | 180408b bul|||||r ||||||| ||bul|| | ||
| 010 | _aKNG00083563000 | ||
| 040 | _aBLK | ||
| 041 |
_aBUL _cBUL _hLAT |
||
| 080 |
_aЛатински език _b811.124 _x(075.3) _z811.124(075.3) |
||
| 100 | 1 |
_aМилошева-Стайкова, Славка Николова _eпърви автор _995897 |
|
| 700 | 1 |
_aКралева, Невяна Георгиева _eсъавт. _9299029 |
|
| 139 |
_aМилошева-Стайкова, Славка Николова и др. _bМ 61 |
||
| 245 | 1 | 0 |
_aЛатински език _bУчебник за средните мед. у-ща _cСлавка Николова Милошева-Стайкова; съавт. Невяна Георгиева Кралева. |
| 250 | _a2. изд. | ||
| 257 | _aBGR | ||
| 260 |
_аСофия _bНаука и изкуство _c1990 _fЯмбол : печ. Г. Димитров |
||
| 300 |
_a211 с. _bс табл. _c22 см |
||
| 380 | _a80 | ||
| 500 | _a1. изд. 1986. - 10 089 тир. | ||
| 650 | 4 |
_aЛатински език - учебници _9258259 |
|
| 653 | _aлатински език | ||
| 653 | _aучебници за средни училища | ||
| 852 | _aЦб 162525 | ||
| 856 | 4 |
_qpdf _u |
|
| 856 | 4 |
_qpdf _u |
|
| 942 |
_cKNG _n0 _04 |
||
| 944 |
_aCR _c29.04.2008 _lМинев Младен _k30530 |
||
| 944 |
_aED _c17.08.2011 _lф / _k |
||
| 999 |
_c79090 _d79090 |
||